INDIAN BAR REVIEW Vol. XLII(1) 2015 (JAN TO MAR) (Record no. 7412)

MARC details
000 -LEADER
fixed length control field 00368nam a22001337a 4500
005 - DATE AND TIME OF LATEST TRANSACTION
control field 20200710125421.0
008 - FIXED-LENGTH DATA ELEMENTS--GENERAL INFORMATION
fixed length control field 200710b xxu||||| |||| 00| 0 eng d
082 ## - DEWEY DECIMAL CLASSIFICATION NUMBER
Classification number 345.4005 BHA-I
100 ## - MAIN ENTRY--AUTHOR NAME
Personal name BHATT VIJAY
245 ## - TITLE STATEMENT
Title INDIAN BAR REVIEW Vol. XLII(1) 2015 (JAN TO MAR)
260 ## - PUBLICATION, DISTRIBUTION, ETC. (IMPRINT)
Place of publication NEW DELHI
Name of publisher BAR COUNCIAL OF INDIA TRUST
Year of publication 2015
300 ## - PHYSICAL DESCRIPTION
Number of Pages 292p.
942 ## - ADDED ENTRY ELEMENTS (KOHA)
Koha item type Journals/Serial
Holdings
Lost status Damaged status Collection code Home library Current library Shelving location Date acquired Source of acquisition Cost, normal purchase price Full call number Accession Number Koha item type
    LAW JRU Library JRU Library SHELF-33-B 22/07/2020 PURCHASE 16000.00 345.4005 BHA-I 24990 Journals/Serial
    LAW JRU Library JRU Library SHELF-33-B 22/07/2020 PURCHASE 16000.00 345.4005 BHA-I 24991 Journals/Serial
    LAW JRU Library JRU Library SHELF-33-B 22/07/2020 PURCHASE 16000.00 345.4005 BHA-I 24992 Journals/Serial
    LAW JRU Library JRU Library SHELF-33-B 22/07/2020 PURCHASE 16000.00 345.4005 BHA-I 24993 Journals/Serial
    LAW JRU Library JRU Library SHELF-33-B 22/07/2020 PURCHASE 16000.00 345.4005 BHA-I 24994 Journals/Serial
    LAW JRU Library JRU Library SHELF-33-B 22/07/2020 PURCHASE 16000.00 345.4005 BHA-I 24995 Journals/Serial
    LAW JRU Library JRU Library SHELF-33-B 22/07/2020 PURCHASE 16000.00 345.4005 BHA-I 24996 Journals/Serial
    LAW JRU Library JRU Library SHELF-33-B 22/07/2020 PURCHASE 16000.00 345.4005 BHA-I 24997 Journals/Serial
    LAW JRU Library JRU Library SHELF-33-B 22/07/2020 PURCHASE 16000.00 345.4005 BHA-I 24998 Journals/Serial
    LAW JRU Library JRU Library SHELF-33-B 22/07/2020 PURCHASE 16000.00 345.4005 BHA-I 24999 Journals/Serial